| 000 | 01137nam a22003497a 4500 | ||
|---|---|---|---|
| 003 | CHAP | ||
| 005 | 20220329134859.0 | ||
| 008 | 971013s r 00010 d | ||
| 010 | _a27426 | ||
| 011 | _a28398 | ||
| 035 | _a32502 | ||
| 040 | _cCHAP | ||
| 090 | _aFolleto 7651 | ||
| 110 |
_aINIA. México. Campo Agrícola Experimental Anáhuac _958471 |
||
| 245 |
_aDía del agricultura _b: cultivos de invierno, 19 - |
||
| 260 |
_a(s.l.) : _bEl Instituto, _c19 - |
||
| 300 | _av | ||
| 500 | _aLa biblioteca tiene: 1981 | ||
| 590 |
_aBATCH-UPD _b10 _c20130110 _lUCH01 _h0132 |
||
| 590 |
_aBATCH-UPD _b10 _c20130110 _lUCH01 _h2053 |
||
| 590 |
_aBATCH-UPD _b10 _c20130409 _lUCH01 _h2128 |
||
| 590 |
_aBATCH-UPD _b10 _c20130913 _lUCH01 _h2111 |
||
| 590 |
_aCONVERSION _b10 _c20130109 _lUCH01 _h1316 |
||
| 650 | 1 | 4 |
_aAgricultura _xInvestigación _xTamaulipas. _91683 |
| 650 | 1 | 4 |
_aAgricultura _xTamaulipas. _91833 |
| 650 | 1 | 4 |
_aForrajes _xNuevo León. _942586 |
| 650 | 1 | 4 |
_aForrajes _xRendimiento. _942593 |
| 650 | 1 | 4 |
_aForrajes _xTamaulipas. _942598 |
| 901 | _aBK | ||
| 942 | _cFOLL | ||
| 949 |
_aFolleto 7651 _bBC _cFOLL _d-75610 _eTS1 _i32502 _mD _si |
||
| 999 |
_c27426 _d27426 |
||